[Event "12th EUR-ch"]
[Site "Aix-les-Bains FRA"]
[Date "2011.03.27"]
[Round "6.42"]
[White "Vuckovic, Bojan"]
[Black "Can, Emre"]
[Result "1/2-1/2"]
[WhiteElo "2626"]
[BlackElo "2487"]
[EventDate "2011.03.22"]
[PlyCount "90"]

1.d4 Nf6 2.c4 g6 3.Nc3 Bg7 4.e4 d6 5.Nf3 O-O 6.Be2 e5 7.Be3 exd4 8.Nxd4 
Re8 9.f3 c6 10.Bf2 a6 11.O-O b5 12.Qd2 Bb7 13.Nc2 Nh5 14.Rad1 Be5 15.g3 
Nd7 16.Rfe1 Nhf6 17.Bf1 Nb6 18.Ne3 Qc7 19.Qc2 bxc4 20.Nxc4 Nxc4 21.Bxc4 d5
22.Bd3 Rad8 23.Rc1 dxe4 24.Nxe4 Nxe4 25.Bxe4 Qa5 26.Qb3 Qb5 27.Rc2 Re6 28.
Rec1 Qxb3 29.axb3 f5 30.Bxc6 Bxc6 31.Rxc6 Rxc6 32.Rxc6 Rd1+ 33.Kg2 Rd2 34.
Kf1 Rxb2 35.f4 Rb1+ 36.Kg2 Bg7 37.Rc8+ Kf7 38.Rc7+ Kg8 39.Rc8+ Kf7 40.Rc7+
Kg8 41.Rb7 a5 42.Rb8+ Kf7 43.Rb7+ Kg8 44.Rb8+ Kf7 45.Rb7+ Kg8 1/2-1/2

[Event "12th EUR-ch"]
[Site "Aix-les-Bains FRA"]
[Date "2011.03.27"]
[Round "6.43"]
[White "Dembo, Yelena"]
[Black "Matlakov, Maxim"]
[Result "1/2-1/2"]
[WhiteElo "2457"]
[BlackElo "2625"]
[EventDate "2011.03.22"]
[PlyCount "32"]

1.e4 c6 2.d4 d5 3.e5 Bf5 4.Nd2 e6 5.Nb3 Nd7 6.Nf3 Ne7 7.Be2 Bg4 8.O-O Nf5 
9.h3 Bxf3 10.Bxf3 g6 11.Be2 Qh4 12.c3 h5 13.Nd2 Bh6 14.Nf3 Qe7 15.Bxh6 
Nxh6 16.Qd2 Ng8 1/2-1/2

[Event "12th EUR-ch"]
[Site "Aix-les-Bains FRA"]
[Date "2011.03.27"]
[Round "6.44"]
[White "Javakhishvili, Lela"]
[Black "L'Ami, Erwin"]
[Result "0-1"]
[WhiteElo "2437"]
[BlackElo "2623"]
[EventDate "2011.03.22"]
[PlyCount "138"]

1.d4 Nf6 2.c4 e6 3.Nf3 d5 4.Nc3 dxc4 5.Bg5 c6 6.e4 b5 7.e5 h6 8.Bh4 g5 9.
Nxg5 hxg5 10.Bxg5 Nbd7 11.g3 Bb7 12.Bg2 Qb6 13.exf6 O-O-O 14.O-O c5 15.d5 
b4 16.Na4 Qb5 17.a3 exd5 18.axb4 cxb4 19.Qg4 Bc6 20.Rfc1 Kb7 21.b3 Nb6 22.
Nxb6 Qxb6 23.bxc4 Bc5 24.cxd5 Bxf2+ 25.Kh1 Bxd5 26.Qf5 Qd4 27.Rd1 Rxh2+ 
28.Kxh2 Rh8+ 29.Qh3 Rxh3+ 30.Kxh3 Bxg2+ 31.Kxg2 Qc5 32.Bf4 Bd4 33.Rac1 
Qd5+ 34.Kh3 Qf5+ 35.Kh2 Bb6 36.Rd2 Qxf6 37.Rc4 Qe7 38.Rcc2 Qe6 39.Re2 Qg4 
40.Re7+ Ka6 41.Ra2+ Kb5 42.Re5+ Kc4 43.Rae2 a5 44.Kg2 Kb3 45.Rd2 Qg6 46.
Ree2 Qc6+ 47.Kh2 Qf3 48.Rb2+ Ka4 49.Re8 Qf1 50.Be3 Qb5 51.Re4 Qh5+ 52.Rh4 
Qe5 53.Rbxb4+ axb4 54.Bxb6 Qe2+ 55.Kg1 Qd1+ 56.Kh2 Qd2+ 57.Kg1 Qd6 58.Bf2 
Ka3 59.Rf4 Qd1+ 60.Kh2 Qh5+ 61.Kg1 b3 62.Bd4 b2 63.Bxb2+ Kxb2 64.Kg2 Kc2 
65.Rf2+ Kd3 66.Rf3+ Ke2 67.Rf4 Ke3 68.Rf1 Qe2+ 69.Kg1 Qxf1+ 0-1

[Event "12th EUR-ch"]
[Site "Aix-les-Bains FRA"]
[Date "2011.03.27"]
[Round "6.45"]
[White "Beliavsky, Alexander"]
[Black "Zude, Erik"]
[Result "1/2-1/2"]
[WhiteElo "2619"]
[BlackElo "2409"]
[EventDate "2011.03.22"]
[PlyCount "133"]

1.c4 Nf6 2.Nf3 g6 3.Nc3 Bg7 4.e4 d6 5.d4 O-O 6.Be2 e5 7.O-O Nc6 8.d5 Ne7 
9.Ne1 Nd7 10.Nd3 f5 11.f3 f4 12.Bd2 g5 13.Rc1 Ng6 14.c5 Nf6 15.Nb5 Rf7 16.
Ba5 b6 17.cxd6 cxd6 18.Be1 g4 19.fxg4 Nxe4 20.Nb4 Ng5 21.Nc6 Qf8 22.Nb4 
Qd8 23.Nc6 Qf8 24.Bb4 Rd7 25.Qe1 a5 26.Ba3 Ba6 27.Bc4 Qf6 28.b3 f3 29.h4 
Nf7 30.Rxf3 Qxh4 31.Qxh4 Nxh4 32.Rxf7 Rxf7 33.Nxd6 Bxc4 34.Nxf7 Bxd5 35.
Nfxe5 Bxe5 36.Ne7+ Kf7 37.Nxd5 a4 38.Be7 axb3 39.axb3 Ng6 40.Bb4 Rd8 41.
Rd1 Rd7 42.Ne3 Bd4 43.Kf1 Ke6 44.Nf5 Bf6 45.Re1+ Kd5 46.Re8 Be5 47.Ke2 Ra7
48.g3 Ra1 49.Bd2 Rb1 50.Rd8+ Ke6 51.Rd3 b5 52.Kf3 Nh8 53.Bf4 Nf7 54.Re3 
Kf6 55.Ke4 b4 56.g5+ Ke6 57.Nd4+ Kd6 58.Nf3 Bxf4 59.gxf4 Rc1 60.Rd3+ Ke7 
61.Nd4 Rc5 62.Nf5+ Ke6 63.Ng7+ Ke7 64.Kd4 Kd6 65.Rh3 Rd5+ 66.Kc4 Rc5+ 67.
Kxb4 1/2-1/2

[Event "12th EUR-ch"]
[Site "Aix-les-Bains FRA"]
[Date "2011.03.27"]
[Round "6.46"]
[White "Deleva, Michael"]
[Black "Laznicka, Viktor"]
[Result "0-1"]
[WhiteElo "2236"]
[BlackElo "2688"]
[EventDate "2011.03.22"]
[PlyCount "52"]

1.e4 c5 2.Nf3 d6 3.b3 Nf6 4.e5 dxe5 5.Nxe5 Nbd7 6.f4 g6 7.Bb2 Bg7 8.Bb5 
O-O 9.Bxd7 Nxd7 10.O-O Nxe5 11.fxe5 c4 12.Na3 Be6 13.Kh1 Qb6 14.Qe2 Rac8 
15.Rab1 cxb3 16.cxb3 Rfd8 17.d4 f6 18.Rbc1 Rxc1 19.Rxc1 fxe5 20.dxe5 Bh6 
21.Nc4 Qa6 22.Rd1 Rxd1+ 23.Qxd1 Qxa2 24.Qd8+ Bf8 25.Qd4 Qxb3 26.Ne3 Bh6 
0-1

[Event "12th EUR-ch"]
[Site "Aix-les-Bains FRA"]
[Date "2011.03.27"]
[Round "6.47"]
[White "Caruana, Fabiano"]
[Black "Kabanov, Nikolai"]
[Result "1/2-1/2"]
[WhiteElo "2716"]
[BlackElo "2524"]
[EventDate "2011.03.22"]
[PlyCount "87"]

1.Nf3 Nf6 2.c4 g6 3.Nc3 Bg7 4.g3 O-O 5.Bg2 d6 6.O-O e5 7.d4 Nc6 8.d5 Ne7 
9.c5 Ne8 10.cxd6 Nxd6 11.e4 Bg4 12.Qd3 Bxf3 13.Bxf3 c5 14.a3 f5 15.Bg2 f4 
16.Bh3 h5 17.Qe2 Bh6 18.b4 c4 19.a4 Kh7 20.Nb5 Nxb5 21.axb5 Nc8 22.Bb2 Bg7
23.Qxc4 Nd6 24.Qd3 Qb6 25.Ra5 Rae8 26.Be6 Re7 27.Raa1 Nxb5 28.Rac1 f3 29.
Rfe1 a6 30.Re3 Bh6 31.Rxf3 Rxf3 32.Qxf3 Bxc1 33.Bxc1 Nd4 34.Qf8 Rg7 35.
Bg8+ Kh8 36.Be6+ Kh7 37.Bg8+ Kh8 38.Kg2 Qc7 39.Be6+ Kh7 40.Bg8+ Kh8 41.Bg5
Qc2 42.Be6+ Kh7 43.Bg8+ Kh8 44.Be6+ 1/2-1/2

[Event "12th EUR-ch"]
[Site "Aix-les-Bains FRA"]
[Date "2011.03.27"]
[Round "6.48"]
[White "McShane, Luke"]
[Black "Jansa, Vlastimil"]
[Result "1-0"]
[WhiteElo "2683"]
[BlackElo "2513"]
[EventDate "2011.03.22"]
[PlyCount "73"]

1.b3 d5 2.Bb2 Bg4 3.f3 Bf5 4.e3 e6 5.Nc3 Nf6 6.g4 Bg6 7.Nce2 Nc6 8.h4 h5 
9.g5 Nd7 10.Nf4 Ne7 11.Qe2 c6 12.Nxg6 Nxg6 13.f4 Qa5 14.Nf3 Nc5 15.a3 Ne4 
16.Rg1 O-O-O 17.Bh3 Kb8 18.b4 Qc7 19.c4 dxc4 20.Qxc4 Nd6 21.Qc2 Qd7 22.Kf2
Nf5 23.Bxf5 exf5 24.Bd4 Rg8 25.Qa4 a6 26.Qa5 Bd6 27.Qb6 Kc8 28.b5 axb5 29.
a4 Qc7 30.Qa7 Qb8 31.Qa5 Kd7 32.Bb6 Rc8 33.axb5 c5 34.Qa2 Ke8 35.Qc4 Kf8 
36.Ra7 Ne7 37.g6 1-0

[Event "12th EUR-ch"]
[Site "Aix-les-Bains FRA"]
[Date "2011.03.27"]
[Round "6.49"]
[White "Riazantsev, Alexander"]
[Black "Prie, Eric"]
[Result "1/2-1/2"]
[WhiteElo "2679"]
[BlackElo "2508"]
[EventDate "2011.03.22"]
[PlyCount "83"]

1.d4 d5 2.c4 dxc4 3.e4 Nf6 4.e5 Nd5 5.Bxc4 Nb6 6.Bb3 Nc6 7.Ne2 Bf5 8.O-O 
e6 9.Nbc3 Be7 10.Be3 Na5 11.Bc2 Bxc2 12.Qxc2 Nac4 13.Rad1 Nxe3 14.fxe3 O-O
15.Rf3 Rc8 16.Nf4 Bg5 17.Nh5 Nd5 18.Nxd5 exd5 19.Rdf1 c5 20.Qf2 Qe7 21.Qg3
Bh6 22.Rf6 g6 23.R6f3 f5 24.Nf6+ Kg7 25.Kh1 cxd4 26.exd4 Rc4 27.Qf2 Qe6 
28.Rh3 Rh8 29.b3 Rcc8 30.Qh4 Bc1 31.g4 fxg4 32.Nxg4 g5 33.Qh5 Qg6 34.Qxg6+
Kxg6 35.Rf6+ Kg7 36.Nh6 Rhf8 37.Nf5+ Kh8 38.Rc3 Ba3 39.Rxc8 Rxc8 40.Rf7 
Bf8 41.Rxb7 Rc2 42.Rb8 1/2-1/2

[Event "12th EUR-ch"]
[Site "Aix-les-Bains FRA"]
[Date "2011.03.27"]
[Round "6.50"]
[White "Muzychuk, Anna"]
[Black "Rublevsky, Sergei"]
[Result "1/2-1/2"]
[WhiteElo "2528"]
[BlackElo "2678"]
[EventDate "2011.03.22"]
[PlyCount "41"]

1.e4 c5 2.Nf3 e6 3.d4 cxd4 4.Nxd4 a6 5.c4 Nf6 6.Nc3 Bb4 7.Qd3 d5 8.exd5 
exd5 9.Be2 O-O 10.O-O Nc6 11.Nxc6 bxc6 12.Bg5 a5 13.cxd5 cxd5 14.Rfd1 h6 
15.Bxf6 Qxf6 16.Bf3 Rb8 17.Qd4 Qxd4 18.Rxd4 Be6 19.Nxd5 Bd6 20.Rd2 Be5 21.
Rb1 1/2-1/2

[Event "12th EUR-ch"]
[Site "Aix-les-Bains FRA"]
[Date "2011.03.27"]
[Round "6.71"]
[White "Berbatov, Kiprian"]
[Black "Ter-Sahakyan, Samvel"]
[Result "0-1"]
[WhiteElo "2454"]
[BlackElo "2575"]
[EventDate "2011.03.22"]
[PlyCount "116"]

1.e4 c5 2.Nf3 d6 3.d4 Nf6 4.Nc3 cxd4 5.Nxd4 a6 6.Bc4 e6 7.Bb3 Nbd7 8.O-O 
Nc5 9.Bg5 Be7 10.Re1 O-O 11.f4 Bd7 12.e5 dxe5 13.fxe5 Nd5 14.Bxe7 Nxe7 15.
Ne4 Qb6 16.Kh1 Ng6 17.Ng3 Rad8 18.c3 Bc6 19.Nh5 Ne4 20.Qe2 Rxd4 21.cxd4 
Qxd4 22.Qe3 Qxb2 23.Rab1 Qxe5 24.Ng3 Nxg3+ 25.Qxg3 Qxg3 26.hxg3 Ne7 27.Kg1
Nd5 28.Rbc1 Rd8 29.Red1 g6 30.Rd4 Rd6 31.g4 h6 32.Kf2 Kg7 33.Kg3 g5 34.Rd2
Rd8 35.Bd1 Ra8 36.Bf3 a5 37.a3 a4 38.Rb2 Kg6 39.Be4+ f5 40.gxf5+ exf5 41.
Bf3 h5 42.Rc5 h4+ 43.Kf2 Nf4 44.Rd2 g4 45.Bxc6 bxc6 46.Rxc6+ Kg5 47.Rd7 
Nh5 48.Rcc7 Nf6 49.Rg7+ Kf4 50.Rgf7 Ra6 51.Ra7 Rd6 52.Rxa4+ Ne4+ 53.Ke1 
Kg3 54.Rxf5 Nc3 55.Rxg4+ Kxg4 56.Rf3 Rd1+ 57.Kf2 Ne4+ 58.Ke3 Re1+ 0-1

[Event "12th EUR-ch"]
[Site "Aix-les-Bains FRA"]
[Date "2011.03.27"]
[Round "6.72"]
[White "Kurmann, Oliver"]
[Black "Shengelia, David"]
[Result "1/2-1/2"]
[WhiteElo "2446"]
[BlackElo "2573"]
[EventDate "2011.03.22"]
[PlyCount "72"]

1.e4 c5 2.Nf3 d6 3.d4 cxd4 4.Nxd4 Nf6 5.Nc3 Nc6 6.Bg5 e6 7.Qd2 Be7 8.O-O-O
a6 9.f4 Nxd4 10.Qxd4 O-O 11.Be2 b5 12.e5 dxe5 13.fxe5 Qxd4 14.Rxd4 Nd5 15.
Bxe7 Nxe7 16.Bf3 Rb8 17.Re1 Bb7 18.Bxb7 Rxb7 19.Rd6 Ra7 20.Re4 Ng6 21.a4 
bxa4 22.Nxa4 h5 23.b3 Rb8 24.Nc5 a5 25.c4 a4 26.bxa4 Ra5 27.Rc6 Ne7 28.Rc7
Rc8 29.Nxe6 fxe6 30.Rxe7 Rxa4 31.Rxe6 Raxc4+ 32.Rxc4 Rxc4+ 33.Kd2 Rg4 34.
g3 h4 35.gxh4 Rxh4 36.Ke3 Rxh2 1/2-1/2

[Event "12th EUR-ch"]
[Site "Aix-les-Bains FRA"]
[Date "2011.03.27"]
[Round "6.73"]
[White "Smirnov, Artem"]
[Black "Kozul, Zdenko"]
[Result "1-0"]
[WhiteElo "2425"]
[BlackElo "2568"]
[EventDate "2011.03.22"]
[PlyCount "85"]

1.e4 c5 2.Nc3 e6 3.Nf3 a6 4.g3 b5 5.Bg2 Bb7 6.d3 d6 7.O-O Qc7 8.Ng5 h6 9.
Nh3 Nf6 10.f4 Nbd7 11.Qe2 Rc8 12.Bd2 c4 13.Rae1 b4 14.Nd1 cxd3 15.cxd3 
Qb6+ 16.Kh1 Be7 17.Ne3 Qb5 18.g4 Nc5 19.g5 hxg5 20.fxg5 Nfd7 21.g6 fxg6 
22.Nf4 Ne5 23.d4 g5 24.Qxb5+ axb5 25.Ne2 Nxe4 26.dxe5 Nxd2 27.Bxb7 Nxf1 
28.Rxf1 Rc5 29.Nd4 Rxe5 30.Bc6+ Kd8 31.Ng4 Rh4 32.Nxe5 Rxd4 33.Nf3 Rf4 34.
Bxb5 Bf6 35.b3 d5 36.Kg2 Kc7 37.Rc1+ Kd8 38.Ba4 g4 39.Rc6 Be7 40.Ne1 Re4 
41.Nd3 Re2+ 42.Kf1 Rxh2 43.Rxe6 1-0

[Event "12th EUR-ch"]
[Site "Aix-les-Bains FRA"]
[Date "2011.03.27"]
[Round "6.75"]
[White "Mastrovasilis, Athanasios"]
[Black "Olivier, Jean-Christophe"]
[Result "1/2-1/2"]
[WhiteElo "2547"]
[BlackElo "2401"]
[EventDate "2011.03.22"]
[PlyCount "106"]

1.d4 Nf6 2.c4 e6 3.g3 c5 4.Nf3 d5 5.Bg2 dxc4 6.O-O Nc6 7.dxc5 Qxd1 8.Rxd1 
Bxc5 9.Nbd2 Ke7 10.Nxc4 Ng4 11.Rf1 e5 12.h3 Be6 13.hxg4 Bxc4 14.Bg5+ f6 
15.Rfc1 Bxe2 16.Rxc5 e4 17.Re1 exf3 18.Bxf3 Nd4 19.Bxe2 fxg5 20.Bf3+ Kf6 
21.Bxb7 Rab8 22.Rc7 Ne6 23.Rc6 Rhe8 24.Bc8 Rbxc8 25.Rexe6+ Rxe6 26.Rxc8 
Re2 27.Rc6+ Kf7 28.Rc7+ Kf6 29.Rb7 a5 30.Kg2 a4 31.Kf3 Rc2 32.a3 g6 33.
Rb6+ Kg7 34.Rb4 h5 35.Ke3 h4 36.gxh4 gxh4 37.Kf3 g5 38.Rxa4 Rxb2 39.Rb4 
Ra2 40.a4 Ra3+ 41.Ke4 h3 42.Kf5 h2 43.Rb7+ Kh6 44.f4 Rf3 45.Rb6+ Kg7 46.
Rb7+ Kh6 47.Rb6+ Kg7 48.Rb1 Rxf4+ 49.Kxg5 Rxa4 50.Rh1 Ra2 51.Kh4 Kg6 52.
Kg3 Kg5 53.Rxh2 Ra3+ 1/2-1/2

[Event "12th EUR-ch"]
[Site "Aix-les-Bains FRA"]
[Date "2011.03.27"]
[Round "6.76"]
[White "Markos, Jan"]
[Black "Kreisl, Robert"]
[Result "1/2-1/2"]
[WhiteElo "2546"]
[BlackElo "2394"]
[EventDate "2011.03.22"]
[PlyCount "57"]

1.Nf3 d5 2.g3 g6 3.Bg2 Bg7 4.O-O Nf6 5.d3 O-O 6.Nc3 Nc6 7.e4 dxe4 8.dxe4 
Qxd1 9.Rxd1 Bg4 10.h3 Bxf3 11.Bxf3 Rfd8 12.Be3 Ne8 13.Be2 Nd6 14.f3 f5 15.
exf5 Nxf5 16.Bc4+ Kf8 17.Bf4 Ne5 18.Bb3 Nxf3+ 19.Kf2 e5 20.Be3 Nxe3 21.
Kxe3 Nd4 22.Rf1+ Nf5+ 23.Kf3 Ke8 24.Nd5 e4+ 25.Kf4 Bh6+ 26.Ke5 Bg7+ 27.Kf4
Bh6+ 28.Ke5 Bg7+ 29.Kf4 1/2-1/2

[Event "12th EUR-ch"]
[Site "Aix-les-Bains FRA"]
[Date "2011.03.27"]
[Round "6.77"]
[White "Manea, Alexandru"]
[Black "Yakovich, Yuri"]
[Result "1-0"]
[WhiteElo "2392"]
[BlackElo "2546"]
[EventDate "2011.03.22"]
[PlyCount "67"]

1.d4 Nf6 2.Nf3 d5 3.c4 e6 4.Nc3 c6 5.e3 Nbd7 6.Qc2 Bd6 7.Bd3 O-O 8.O-O 
dxc4 9.Bxc4 b5 10.Be2 Bb7 11.Rd1 Qc7 12.Bd2 a5 13.Rac1 Rac8 14.e4 e5 15.
dxe5 Nxe5 16.Nxe5 Bxe5 17.g3 Rfe8 18.Bf3 Qb6 19.Be3 c5 20.Nd5 Nxd5 21.exd5
Qf6 22.Bg4 c4 23.b3 cxb3 24.Qxb3 Rxc1 25.Rxc1 b4 26.Qa4 Rd8 27.Qxa5 Bc3 
28.Qc7 h5 29.Bxh5 Rxd5 30.Qxb7 Rxh5 31.a3 Rf5 32.axb4 Bb2 33.Qc8+ Kh7 34.
Qc6 1-0

[Event "12th EUR-ch"]
[Site "Aix-les-Bains FRA"]
[Date "2011.03.27"]
[Round "6.78"]
[White "Diermair, Andreas"]
[Black "Gritsak, Orest"]
[Result "1/2-1/2"]
[WhiteElo "2386"]
[BlackElo "2539"]
[EventDate "2011.03.22"]
[PlyCount "32"]

1.Nf3 Nf6 2.c4 g6 3.Nc3 Bg7 4.g3 O-O 5.Bg2 d6 6.d4 Nbd7 7.O-O e5 8.e4 exd4
9.Nxd4 Re8 10.h3 a6 11.Be3 Rb8 12.b3 Nc5 13.Qc2 Bd7 14.b4 Ne6 15.Rad1 Qc8 
16.Nf3 Nf8 1/2-1/2

[Event "12th EUR-ch"]
[Site "Aix-les-Bains FRA"]
[Date "2011.03.27"]
[Round "6.79"]
[White "Alsina Leal, Daniel"]
[Black "Miedema, David"]
[Result "1/2-1/2"]
[WhiteElo "2538"]
[BlackElo "2380"]
[EventDate "2011.03.22"]
[PlyCount "149"]

1.e4 c6 2.d4 d5 3.e5 Bf5 4.Nf3 e6 5.Be2 c5 6.Be3 cxd4 7.Nxd4 Ne7 8.Nd2 
Nbc6 9.N2f3 Be4 10.O-O Bxf3 11.Nxf3 Nf5 12.Bf4 Bc5 13.Bd3 O-O 14.c3 g6 15.
Qe2 a5 16.Rad1 a4 17.Rd2 Re8 18.Rfd1 Ra5 19.Bxf5 gxf5 20.Ng5 h6 21.Nf3 Kh7
22.Rd3 Rg8 23.Qd2 Rg6 24.Ne1 Qh4 25.Kf1 Rg4 26.Rf3 Qh5 27.Rh3 Rh4 28.Rxh4 
Qxh4 29.Nf3 Qh5 30.Qc2 Bf8 31.Rd3 Bg7 32.h3 Rc5 33.Qd1 Rc4 34.Qd2 Re4 35.
Bh2 b5 36.Re3 Na5 37.Rxe4 fxe4 38.Nd4 Bxe5 39.Bxe5 Nc4 40.Qe2 Qxe5 41.Nxb5
Qf4 42.b4 axb3 43.axb3 Nd2+ 44.Kg1 Nxb3 45.Qe3 Qxe3 46.fxe3 Kg6 47.Kf2 Na5
48.g3 Nc4 49.Nd4 Nd6 50.Nc6 Kf6 51.Ke2 h5 52.Nd8 Nc4 53.Nc6 Ne5 54.Nd4 Kg5
55.Kf2 Kf6 56.Ke2 Kg6 57.Nb5 Nc4 58.Nc7 Kg5 59.Ne8 h4 60.g4 Ne5 61.Kf2 Nf3
62.c4 dxc4 63.Nd6 Ne5 64.Nxe4+ Kg6 65.Ke2 f5 66.gxf5+ Kxf5 67.Nd6+ Kg5 68.
Nb5 Kf6 69.Nd4 Kg6 70.Kd2 Nd3 71.Nf3 Kh5 72.Nd4 Nf2 73.Kc3 Nd1+ 74.Kd2 Nf2
75.Kc3 1/2-1/2

[Event "12th EUR-ch"]
[Site "Aix-les-Bains FRA"]
[Date "2011.03.27"]
[Round "6.80"]
[White "Gabrielian, Artur"]
[Black "Stanciu, Alexandru-Ovidiu"]
[Result "1-0"]
[WhiteElo "2532"]
[BlackElo "2308"]
[EventDate "2011.03.22"]
[PlyCount "53"]

1.d4 Nf6 2.c4 g6 3.Nc3 Bg7 4.e4 d6 5.Nf3 O-O 6.Be2 e5 7.O-O Nbd7 8.Be3 Qe7
9.Qc2 Re8 10.d5 Ng4 11.Bg5 f6 12.Bd2 f5 13.exf5 e4 14.Ng5 e3 15.Ne6 exf2+ 
16.Kh1 Nde5 17.Bxg4 Nxg4 18.Qe4 gxf5 19.Qf3 Bxe6 20.dxe6 Qxe6 21.Nd5 Qe5 
22.Bf4 Qe1 23.Qg3 Qe2 24.Nxc7 Bxb2 25.Nxe8 Rxe8 26.Rab1 b6 27.h3 1-0

[Event "12th EUR-ch"]
[Site "Aix-les-Bains FRA"]
[Date "2011.03.27"]
[Round "6.81"]
[White "Houriez, Clement"]
[Black "Anisimov, Pavel"]
[Result "0-1"]
[WhiteElo "2252"]
[BlackElo "2532"]
[EventDate "2011.03.22"]
[PlyCount "66"]

1.d4 Nf6 2.c4 e6 3.g3 c5 4.d5 exd5 5.cxd5 d6 6.Nf3 g6 7.Nc3 Bg7 8.Bg2 O-O 
9.O-O a6 10.a4 Nbd7 11.h3 Rb8 12.Bf4 Qe7 13.Rb1 Nh5 14.Bd2 f5 15.Ng5 Ne5 
16.Ne6 Bxe6 17.dxe6 Nf6 18.b4 b6 19.Bg5 Qxe6 20.Bxf6 Qxf6 21.Nd5 Qd8 22.b5
axb5 23.Rxb5 Nc6 24.Rxb6 Rxb6 25.Nxb6 Qxb6 26.Qxd6 Rf6 27.Qd5+ Kh8 28.Rc1 
Bf8 29.e3 Nb4 30.Qa8 Kg7 31.h4 Rd6 32.h5 gxh5 33.Qf3 Nd3 0-1

[Event "12th EUR-ch"]
[Site "Aix-les-Bains FRA"]
[Date "2011.03.27"]
[Round "6.82"]
[White "Conquest, Stuart"]
[Black "Sahitaj, Naim"]
[Result "0-1"]
[WhiteElo "2529"]
[BlackElo "2235"]
[EventDate "2011.03.22"]
[PlyCount "78"]

1.d4 Nf6 2.c4 e6 3.Nf3 b6 4.Nc3 Bb7 5.a3 d5 6.cxd5 Nxd5 7.e3 Nd7 8.Bd3 Be7
9.e4 N5f6 10.O-O O-O 11.Qc2 h6 12.Rd1 c5 13.d5 exd5 14.exd5 Bd6 15.h3 Ne5 
16.Be2 Ng6 17.Be3 a6 18.a4 Re8 19.Rd2 Qc7 20.Rad1 Rad8 21.Bc4 Re7 22.Qd3 
Qc8 23.Qf1 Red7 24.Ba2 Ne7 25.Rc1 Qa8 26.Rcd1 Qc8 27.Rc1 Qb8 28.Kh1 Bf4 
29.a5 b5 30.Bxf4 Qxf4 31.Ne2 Qc7 32.Ng3 Qxa5 33.Bb1 Qb6 34.Re1 Nexd5 35.
Nf5 Nf4 36.Rxd7 Rxd7 37.Re3 Qd8 38.Bc2 Rd2 39.Ne1 Rxc2 0-1

[Event "12th EUR-ch"]
[Site "Aix-les-Bains FRA"]
[Date "2011.03.27"]
[Round "6.83"]
[White "Donchenko, Alexander"]
[Black "Esen, Baris"]
[Result "0-1"]
[WhiteElo "2216"]
[BlackElo "2528"]
[EventDate "2011.03.22"]
[PlyCount "70"]

1.Nf3 Nf6 2.c4 g6 3.Nc3 Bg7 4.g3 O-O 5.Bg2 d6 6.d4 c6 7.O-O Bf5 8.Re1 Ne4 
9.Qb3 Nxc3 10.Qxc3 c5 11.Qb3 Be4 12.Qe3 Bxf3 13.Qxf3 Nc6 14.dxc5 dxc5 15.
e3 Qb6 16.Qe2 Rfd8 17.Rb1 Rd7 18.Rd1 Rad8 19.Rxd7 Rxd7 20.b3 Qa6 21.a3 h5 
22.Bb2 Bxb2 23.Qxb2 Qb6 24.h3 Qc7 25.Qa1 Rd3 26.Be4 Rd2 27.Bxc6 Qxc6 28.
Rd1 Qf6 29.f4 Rb2 30.Rb1 Rxb3 31.Kf2 Rc3 32.Qb2 b6 33.Rc1 Rd3 34.Qb5 Qd6 
35.Qe8+ Kg7 0-1

[Event "12th EUR-ch"]
[Site "Aix-les-Bains FRA"]
[Date "2011.03.27"]
[Round "6.84"]
[White "Fressinet, Laurent"]
[Black "Vernay, Clovis"]
[Result "1-0"]
[WhiteElo "2693"]
[BlackElo "2449"]
[EventDate "2011.03.22"]
[PlyCount "63"]

1.d4 d5 2.c4 c6 3.Nc3 Nf6 4.e3 Bf5 5.cxd5 cxd5 6.Qb3 Bc8 7.Bd3 e6 8.f4 Nc6
9.Nf3 Be7 10.O-O O-O 11.Bd2 g6 12.Rac1 Bd7 13.Ne5 Na5 14.Qd1 Rc8 15.Qe2 
Nc6 16.Qf3 Be8 17.Qh3 Nd7 18.Rf3 f5 19.g4 Nf6 20.gxf5 exf5 21.Rg3 Nxe5 22.
fxe5 Ne4 23.Bxe4 dxe4 24.Kh1 g5 25.d5 Rxc3 26.Bxc3 Qxd5 27.Qh6 Qf7 28.
Rxg5+ Bxg5 29.Qxg5+ Qg7 30.Qh4 Bg6 31.e6 Qc7 32.Rg1 1-0

[Event "12th EUR-ch"]
[Site "Aix-les-Bains FRA"]
[Date "2011.03.27"]
[Round "6.85"]
[White "Zhukova, Natalia"]
[Black "Fedorchuk, Sergei"]
[Result "0-1"]
[WhiteElo "2443"]
[BlackElo "2662"]
[EventDate "2011.03.22"]
[PlyCount "105"]

1.d4 Nf6 2.c4 e6 3.Nf3 Bb4+ 4.Bd2 a5 5.g3 b6 6.Bg2 Bb7 7.O-O O-O 8.Bf4 Be7
9.Re1 Qc8 10.Nc3 Ne4 11.Nxe4 Bxe4 12.Nd2 Bxg2 13.Kxg2 Nc6 14.Nf3 Bb4 15.
Rf1 a4 16.a3 Be7 17.Rc1 d6 18.e4 Re8 19.Re1 Bf6 20.e5 dxe5 21.Bxe5 Bxe5 
22.Nxe5 Nxe5 23.dxe5 Ra5 24.Qf3 Rc5 25.Qe4 h6 26.Red1 Rd8 27.Rxd8+ Qxd8 
28.Rc3 Qe8 29.Rd3 g5 30.h4 Qc6 31.Qxc6 Rxc6 32.hxg5 hxg5 33.Rd4 Rc5 34.Re4
Kg7 35.Kf3 f5 36.exf6+ Kxf6 37.Ke3 Rc6 38.c5 b5 39.Kd4 Ra6 40.f4 g4 41.Kc3
Ra8 42.Kb4 c6 43.Rd4 Rh8 44.Ka5 Rh2 45.Kb6 Rxb2 46.Kxc6 Rb3 47.Rd1 Rxg3 
48.Kxb5 Rxa3 49.c6 Rc3 50.Kb6 g3 51.c7 a3 52.Rd3 g2 53.Rxc3 0-1

[Event "12th EUR-ch"]
[Site "Aix-les-Bains FRA"]
[Date "2011.03.27"]
[Round "6.86"]
[White "Kurnosov, Igor"]
[Black "Aloma Vidal, Robert"]
[Result "1-0"]
[WhiteElo "2653"]
[BlackElo "2434"]
[EventDate "2011.03.22"]
[PlyCount "117"]

1.d4 Nf6 2.c4 e6 3.Nc3 Bb4 4.Bg5 c5 5.d5 Bxc3+ 6.bxc3 d6 7.f3 Qe7 8.e4 
exd5 9.cxd5 Qe5 10.Qd2 Nxd5 11.Rc1 h6 12.Bh4 Qf4 13.Bg3 Qxd2+ 14.Kxd2 Ne7 
15.Bxd6 b6 16.Ke3 Be6 17.Nh3 Nbc6 18.Nf4 Bxa2 19.Ra1 Be6 20.Bb5 Bd7 21.
Rhd1 Na5 22.Bxd7+ Kxd7 23.Bxc5+ Ke8 24.Bxe7 Kxe7 25.Nd5+ Kf8 26.Nc7 Rc8 
27.Rd7 g5 28.e5 Nc6 29.e6 Ne5 30.e7+ Kg7 31.e8=Q Rhxe8 32.Nxe8+ Rxe8 33.
Rc7 Ng4+ 34.Kd2 Rd8+ 35.Ke2 Re8+ 36.Kf1 Ne3+ 37.Kf2 Nd5 38.Rcxa7 Nxc3 39.
Re1 Rd8 40.Rc1 Nb5 41.Ra2 Rd6 42.Rb2 Nd4 43.Rd1 Kf6 44.Rb4 Ke5 45.g4 b5 
46.Rd2 f5 47.gxf5 Nxf5 48.Rxb5+ Ke6 49.Rxd6+ Nxd6 50.Rb6 Ke5 51.Kg3 Nf5+ 
52.Kg4 Ne3+ 53.Kh5 Nf5 54.Rb4 Kf6 55.Re4 Kg7 56.f4 Nd6 57.Re6 Nf7 58.f5 
Kh7 59.Rg6 1-0

[Event "12th EUR-ch"]
[Site "Aix-les-Bains FRA"]
[Date "2011.03.27"]
[Round "6.88"]
[White "Sokolov, Ivan"]
[Black "Sermier, Guillaume"]
[Result "1-0"]
[WhiteElo "2643"]
[BlackElo "2428"]
[EventDate "2011.03.22"]
[PlyCount "63"]

1.d4 d5 2.c4 c6 3.Nf3 Nf6 4.Nc3 a6 5.a4 e6 6.g3 dxc4 7.Bg2 c5 8.O-O Nc6 9.
dxc5 Qxd1 10.Nxd1 Bxc5 11.Be3 Be7 12.Nd2 Na5 13.Bb6 Bb4 14.Bxa5 Bxa5 15.
Nxc4 Bc7 16.Nde3 Rb8 17.Rfc1 Bd7 18.a5 Ke7 19.Nb6 Ne8 20.Rc3 Bxb6 21.axb6 
Nd6 22.Rd1 Nc8 23.Nc4 f6 24.Na5 Nxb6 25.Bxb7 Rhd8 26.Rc7 Ke8 27.Rd6 Nd5 
28.Rc5 Ne7 29.Rxa6 e5 30.h4 Bg4 31.Rc7 Bxe2 32.Re6 1-0

[Event "12th EUR-ch"]
[Site "Aix-les-Bains FRA"]
[Date "2011.03.27"]
[Round "6.89"]
[White "Sumets, Andrey"]
[Black "Erdogdu, Mert"]
[Result "0-1"]
[WhiteElo "2610"]
[BlackElo "2423"]
[EventDate "2011.03.22"]
[PlyCount "71"]

1.Nf3 Nf6 2.c4 g6 3.g3 Bg7 4.Bg2 d5 5.cxd5 Nxd5 6.O-O Nc6 7.Nc3 Nb6 8.d3 
O-O 9.Be3 e5 10.Qd2 Re8 11.Bh6 Qe7 12.Bxg7 Kxg7 13.Rac1 Bf5 14.Nh4 Be6 15.
f4 exf4 16.Qxf4 Rad8 17.Bxc6 bxc6 18.Nf3 Nd5 19.Nxd5 Bxd5 20.Rf2 f5 21.Nd2
Kg8 22.Nc4 Rd7 23.b3 Qg7 24.Qd2 Rde7 25.Re1 Qd4 26.Qf4 Qc3 27.Qd2 Qd4 28.
Qf4 Qc5 29.Kf1 Qb4 30.h4 Qc3 31.Rc1 Qg7 32.Ke1 Re6 33.Kd1 R8e7 34.Rc2 Qa1+
35.Kd2 c5 36.e4 0-1

[Event "12th EUR-ch"]
[Site "Aix-les-Bains FRA"]
[Date "2011.03.27"]
[Round "6.90"]
[White "Zuger, Beat"]
[Black "Chatalbashev, Boris"]
[Result "0-1"]
[WhiteElo "2417"]
[BlackElo "2602"]
[EventDate "2011.03.22"]
[PlyCount "158"]

1.c4 b6 2.d4 Bb7 3.Nc3 e6 4.a3 f5 5.d5 Nf6 6.g3 Na6 7.Bg2 Nc5 8.Nh3 Bd6 9.
Nf4 O-O 10.Be3 e5 11.Bxc5 bxc5 12.Nh3 e4 13.Qc2 c6 14.dxc6 Bxc6 15.O-O Rb8
16.f3 Be5 17.Nd1 exf3 18.Bxf3 Ne4 19.e3 Qb6 20.Nf4 Qb3 21.Qe2 Rbe8 22.Rc1 
Bxf4 23.gxf4 d5 24.cxd5 Bxd5 25.Bxe4 Rxe4 26.Nc3 Bc4 27.Qd2 Re6 28.Rf2 
Rfe8 29.Re1 Ba6 30.h3 Bb7 31.Kh2 Qb6 32.Qd3 Qc6 33.Qxf5 Rxe3 34.Rg1 Bc8 
35.Qd5+ Qxd5 36.Nxd5 Rxh3+ 37.Kg2 Rd3 38.Nc3 Bb7+ 39.Kf1 Rde3 40.Rd2 Rf8 
41.Rf2 Bc8 42.Rg5 Bf5 43.Kg2 c4 44.Rf3 Re1 45.Kf2 Rc1 46.Ke3 h6 47.Rg2 Rd8
48.Kf2 Kf7 49.Kg3 Rd6 50.Re3 Rf1 51.Rf2 Rg6+ 52.Kf3 Rfg1 53.Re5 R6g3+ 54.
Ke2 Bd3+ 55.Kd2 R3g2 56.Rxg2 Rxg2+ 57.Ke3 Rxb2 58.Ra5 Rb7 59.Nb5 Re7+ 60.
Kd2 h5 61.Nxa7 h4 62.Nc6 Re2+ 63.Kc3 Be4 64.Nd4 Rf2 65.Rh5 Rxf4 66.a4 g6 
67.Rh8 Kg7 68.Re8 Bd5 69.Re5 h3 70.Rxd5 h2 71.Ne6+ Kf6 72.Rd1 Kxe6 73.a5 
g5 74.Rh1 Rf2 75.a6 Ra2 76.Kxc4 g4 77.Kb3 Rxa6 78.Rxh2 Kf5 79.Kc4 g3 0-1